000 01213cam a2200313 a 4500
001 000018744
005 20200929165842.0
008 840817s1983 sp b b f000 0 spa d
020 _z8400057064 (obra completa)
020 _a8400054091 (v.1)
020 _z8400057072 (v. 2)
040 _aDO-SdBNP
_bspa
_cBNPHU
082 _a910.9
_bC965a
100 1 _aCuesta Domingo, Mariano.
_940448
245 1 0 _aAlonso de Santa Cruz y su obra cosmográfica /
_cM. Cuesta Domingo.
260 _aMadrid :
_bConsejo Superior de Investigaciones Científicas ;
_bInstituto "Gonzalo Fernandez de Oviedo",
_c1983-.
300 _av. :
_bmaps. ;
_c24 cm.
490 1 _aTierra nueva e cielo nuevo
_v8, 13
500 _aLa biblioteca sólo posee v.1 y v.2
500 _a"Medio milenio del descubrimiento de América".
600 1 4 _aSANTA CRUZ, ALONSO DE,
_d1505-1567.
_xCRÍTICA E INTERPRETACIÓN
_940449
650 4 _aGeografía
_xHistoria
_ySIGLO XVI
_940450
650 4 _aGeografía matemática
_940451
650 4 _aCosmografía
_xHistoria
_ySIGLO XVI
_940452
650 4 _aTierra
_940453
650 4 _aCartografía
_925835
830 0 _aTierra nueva e cielo nuevo
_n8, 13
_940454
910 _aValidado. Control de calidad MFF
999 _c18264
_d18264